Information and knowledge systems in the operation of agricultural and food-processing enterprises
V znalostnej a digitálnej ekonomike je hlavným konkurenčným faktorom úžitková hodnota. Tú nemožno dosiahnuť bez moderných technológií, modernej organizácie a riadenia výrobných i spoločenských procesov. Úroveň informatizácie rezortu pôdohospodárstva sa stále zvyšuje. Perspektívnou je implementácia z...
Enregistré dans:
| Auteur principal: | |
|---|---|
| Autres auteurs: | |
| Format: | Chapitre de livre |
| Langue: | anglais |
| Sujets: | |
| Tags: |
Pas de tags, Soyez le premier à ajouter un tag!
|
MARC
| LEADER | 00000naa$a2200000$$$4500 | ||
|---|---|---|---|
| 001 | 0048267 | ||
| 005 | 20231114071747.0 | ||
| 041 | 0 | |a eng | |
| 044 | |a CZ | ||
| 245 | 1 | 0 | |a Information and knowledge systems in the operation of agricultural and food-processing enterprises |c Milan Kučera, Anna Látečková |
| 520 | |a V znalostnej a digitálnej ekonomike je hlavným konkurenčným faktorom úžitková hodnota. Tú nemožno dosiahnuť bez moderných technológií, modernej organizácie a riadenia výrobných i spoločenských procesov. Úroveň informatizácie rezortu pôdohospodárstva sa stále zvyšuje. Perspektívnou je implementácia znalostných systémov v poľnohospodárskych a potravinárskych podnikoch. Hlavný prínos je predovšetkým v uplatnení znalostnej bázy pre manažment pri zabezpečovaní operatívneho, taktického i strategického riadenia. | ||
| 610 | 2 | 0 | |a ekonomika vedomostná |
| 610 | 2 | 0 | |a manažment |
| 610 | 2 | 0 | |a manažment strategický |
| 610 | 2 | 0 | |a podnik poľnohospodársky |
| 610 | 2 | 0 | |a potravinárstvo |
| 610 | 2 | 0 | |a informatizácia |
| 610 | 2 | 0 | |a systémy expertné |
| 610 | 2 | 0 | |a systémy znalostné |
| 100 | 1 | |a Kučera, Milan | |
| 700 | 1 | |a Látečková, Anna | |